Piłka nożna - dwa kluby - jeden piłkarz #2 - Statystyki

Ogólne statystyki
  • Ten quiz został rozwiązany 217 razy
  • Średni wynik to 10 z 15
Statystyki odpowiedzi
kluby zawodnicy % Poprawnych
Chelsea i Arsenal Nicolas Anelka | Pierre-Emerick Aubameyang | Yossi Benayoun | Ashley Cole | Lassana Diarra | Cesc Fabregas | William Gallas | Olivier Giroud | Kai Havertz | Omari Hutchinson | Jorginho | David Luiz | Emmanuel Petit | David Rocastle | Raheem Sterling | Willian | Petr Cech
89%
FC Barcelona i Bayern Monachium Thiago Alcantara | Patrik Andersson | Mark van Bommel | Joao Cancelo | Philippe Coutinho | Robert Lewandowski | Pepe Reina | Arturo Vidal
89%
Juventus i PSG Dani Alves | Nicolas Anelka | Gianluigi Buffon | Kingsley Coman | Angel Di Maria | Zlatan Ibrahimović | Moise Kean | Randal Kolo Muani | Blaise Matuidi | Juan Pablo Sorin | Leandro Paredes | Adrien Rabiot | Mohamed Sissoko | Timothy Weah
85%
Atletico Madryt i Manchester City Sergio Aguero | Kiki Musampa | Martin Petrov | Rodri | Stefan Savić | Julian Alvarez
82%
Manchester City i Borussia Dortmund Manuel Akanji | Sergio Gomez | Ilkay Gundogan | Erling Haaland | Niclas Jensen | Steffen Karl | Felix Nmecha
75%
PSV Eindhoven i Real Madryt Klaas-Jan Huntelaar | Ruud van Nistelrooy | Arjen Robben | Ronaldo Nazario
64%
Ajax Amsterdam i Napoli Arkadiusz Milik | David Neres | Amin Younes
63%
SL Benfica i FC Barcelona Joao Cancelo | Douglas | Robert Enke | Joao Felix | Geovanni | Andre Gomes | Nolito | Samuel Okunowo | Simao Sabrosa | Javier Saviola | Nelson Semedo
61%
Arsenal i AS Roma Julio Baptista | Riccardo Calafiori | Ashley Cole | Gervinho | Ainsley Maitland-Niles | Henrikh Mkhitaryan | Matthew Ryan | Wojciech Szczęsny | Thomas Vermaelen
61%
FC Schalke 04 i Real Madryt Hamit Altintop | Klaas-Jan Huntelaar | Jose Manuel Jurado | Omar Mascarell | Christoph Metzelder | Raul | Mesut Ozil
60%
Manchester United i AC Milan David Beckham | Jesper Blomqvist | Diogo Dalot | Matteo Darmian | Zlatan Ibrahimović | Jaap Stam | Massimo Taibi
57%
Chelsea i Bayern Monachium Michael Ballack | Erland Johnsen | Brian Laudrup | Claudio Pizarro | Arjen Robben
52%
Celtic Glasgow i Liverpool Craig Bellamy | Ben Doak | Stephane Henchoz | Robbie Keane | Nathaniel Phillips | Kolo Toure | Virgil van Dijk
49%
Liverpool I Manchester United Michael Owen | Paul Ince
43%
Inter Mediolan i Tottenham Nicola Berti | Stephan Dalmat | Edgar Davids | Christian Eriksen | Gilberto | Robbie Keane | Jurgen Klinsmann | Ivan Perisić | Paolo Tramezzani
43%
Nie znaleziono quizów pasujących do podanych kryteriów
Rozkład punktacji
Procent ludzi z każdym wynikiem
Percentyl według liczby udzielonych odpowiedzi
Twoja historia wyników
Nie rozwiązałeś tego quizu